Language Quiz

Random Language or Letter Quiz

Common Sayings: Missing 'L' Words Quiz Stats

 Plays Quiz Updated Apr 7, 2018

Challenge
Share
Tweet
Embed
Score 0/30 Timer 03:00
0 Plays Today
% Correct
lemonade
92.7%
lips
92.4%
loud
92.2%
legs
92.1%
love
90.9%
long
90.8%
like
90.2%
last
90%
leave
89.7%
life
89.6%
lost
89.4%
least
89.3%
lengths
89.2%
let
89.1%
living
88.9%
% Correct
less
88.5%
learn
88.2%
large
85.5%
look
84.8%
lock
84.7%
loose
84.6%
lucky
82.6%
lowest
82.3%
leader
79.8%
laughing
78%
little
77.7%
lot
77.5%
light
72.8%
list
69.7%
letter
56%

You're not logged in!

Compare scores with friends on all Sporcle quizzes.
Join for Free
OR
Log In

You Might Also Like...

Show Comments

Extras

Top Quizzes Today


Score Distribution

Your Account Isn't Verified!

In order to create a playlist on Sporcle, you need to verify the email address you used during registration. Go to your Sporcle Settings to finish the process.

Report this User

Report this user for behavior that violates our Community Guidelines.

Details: